| 000 | 004640000a22001810004500 | ||
|---|---|---|---|
| 020 | _a84-8267-236-3 | ||
| 041 | 0 | _aSPA | |
| 082 | 0 | 4 | _aG 261 C9573t |
| 100 | 1 | _aCruz, Antonio | |
| 245 | 1 | 0 | _aSociología : Un enfoque cristiano / Antonio Cruz |
| 260 | _aTerrassa, Barcelona,España : CLIE | ||
| 300 | _a670 Pag | ||
| 001 | 6757 | ||
| 942 | _cBK | ||
| 999 |
_c37022 _d37022 |
||
| 336 |
_atexto _btxt _2rdacontent |
||
| 337 |
_2rdamedia _asin mediación _bn |
||
| 338 |
_2rdacarrier _avolumen _bnc |
||